Contribución sobre utilidades (Record no. 21450)

MARC details
000 -LEADER
campo de control de longitud fija 00607nam a2200169 i 4500
001 - NÚMERO DE CONTROL
campo de control 21450
003 - IDENTIFICADOR DE NÚMERO DE CONTROL
campo de control ES-MaACL
007 - CAMPO FIJO DE DESCRIPCIÓN FÍSICA--INFORMACIÓN GENERAL
campo de control de longitud fija t|
008 - DATOS DE LONGITUD FIJA--INFORMACIÓN GENERAL
campo de control de longitud fija 021125s1929 sp ||||1| spa d
100 1# - ENTRADA PRINCIPAL--NOMBRE DE PERSONA
Nombre de persona Alcalá del Olmo, Eugenio.
9 (RLIN) 19457
245 10 - MENCIÓN DEL TÍTULO
Título Contribución sobre utilidades
Resto del título : arbitrio sobre producto neto : timbre de negociación /
Mención de responsabilidad, etc. por Eugenio Alcalá del Olmo y Leandro González Reviriego ; prólogo de Carlos Prast.
260 ## - PUBLICACIÓN, DISTRIBUCIÓN, ETC.
Lugar de publicación, distribución, etc. Madrid :
Nombre del editor, distribuidor, etc. Calpe,
Fecha de publicación, distribución, etc. 1929.
300 ## - DESCRIPCIÓN FÍSICA
Extensión 895 p. ;
Dimensiones 23 cm.
700 1# - ENTRADA AGREGADA--NOMBRE PERSONAL
Nombre de persona Gonzalez Reviriego, Leandro.
9 (RLIN) 58906
700 1# - ENTRADA AGREGADA--NOMBRE PERSONAL
Nombre de persona Prast, Carlos.
9 (RLIN) 93658
852 ## - LOCALIZACIÓN
Ubicación ES-MaACL
Número de control de estantería B-4997
Holdings
Estatus retirado Estado de pérdida Estado de daño No para préstamo Biblioteca de origen Biblioteca actual Ubicación en estantería Fecha de adquisición Fuente de adquisición Total de préstamos Signatura topográfica completa Código de barras Visto por última vez Precio de reemplazo Tipo de ítem Koha
        Biblioteca del Ateneo de Madrid Biblioteca del Ateneo de Madrid Sala Pardo Bazán 17/01/2008     B-4997 1022042 23/02/2023 23/02/2023 Libro impreso